Ładuje się......

Analytical development economic: The less developed economy revisited

Opis bibliograficzny
1. autor: Basu, Kaushik
Format: Printed Book
Wydane: Oxford University Press, Bombay 1998
Hasła przedmiotowe:
LEADER 00553nam a2200193 4500
020
082 |a 338.9D BAS-A 
100 |a Basu, Kaushik 
245 |a Analytical development economic: The less developed economy revisited 
250
260 |a Oxford University Press, Bombay  |c 1998 
300
490
500
590
650 |a Economic development-- Economic Planning 
942 |c BK 
999 |c 113521  |d 113521 
952 |0 0  |1 0  |4 0  |6 338_000000000000000_9D_BASA  |7 0  |9 126988  |a ECN  |b ECN  |l 0  |o 338.9D BAS-A  |p ECN10544  |r 2019-09-25  |w 2019-09-25  |y BK